000 00894nam a2200253 a 4500
001 000024148
005 20200930022746.0
008 110119s1966 sp 000 0 spa d
040 _aDO-SdBNP
_bspa
_cBNPHU
041 1 7 _aspa
_hger
_2Código de idiomas MARC
082 _axxxx
_bH133q, 1966
100 1 _aHaecker, Theador.
_949581
240 1 0 _aWas ist der mensch?.
_lEspañol
245 1 1 _a¿Qué es el hombre? /
_cTheador Haecker ; presentación, traducción y epílogo de P. Alfonso López Quintás.
250 _a2a ed.
260 _aMadrid :
_bEdiciones Guadarrama,
_c1966.
300 _a232 p. ;
_c19 cm.
490 1 _aCristianismo y hombre actual
_v5
534 _aTítulo original :
_tWas ist der mensch
500 _aIncluye notas al pie de las páginas.
700 1 _aLópez Quintás, Alfonso,
_etr.
_949582
830 0 _aCristianismo y hombre actual;
_v5
_949583
049 _aBNGR
999 _c23642
_d23642